भौगोलिक विचारधाराएं (Record no. 1325)

MARC details
000 -LEADER
fixed length control field 01132 a2200229 4500
005 - DATE AND TIME OF LATEST TRANSACTION
control field 20080908142859.0
008 - FIXED-LENGTH DATA ELEMENTS--GENERAL INFORMATION
fixed length control field 080908t xxu||||| |||| 00| 0 hin d
010 ## - LIBRARY OF CONGRESS CONTROL NUMBER
LC control number HIN-79176
020 ## - INTERNATIONAL STANDARD BOOK NUMBER
International Standard Book Number 400.00
035 ## - SYSTEM CONTROL NUMBER
System control number HN-51522
037 ## - SOURCE OF ACQUISITION
Source of stock number/acquisition D.B.Act / pub
082 ## - DEWEY DECIMAL CLASSIFICATION NUMBER
Classification number 910.01
100 ## - MAIN ENTRY--PERSONAL NAME
Personal name माथुर, आर.एस.
245 ## - TITLE STATEMENT
Title भौगोलिक विचारधाराएं
Statement of responsibility, etc आर.एस.माथुर
246 ## - VARYING FORM OF TITLE
Title proper/short title Bhogolic vichardharayen
Remainder of title by Mathur. R. S.
260 ## - PUBLICATION, DISTRIBUTION, ETC. (IMPRINT)
Place of publication, distribution, etc जयपुर
Name of publisher, distributor, etc युनिवर्सिटी पब्लिकेशन्स
Date of publication, distribution, etc 2005
270 ## - ADDRESS
Address विश्ववाद्यालय प्रकाशन
City जयपुर
Postal code 302003
Telephone number 0141-2324264
300 ## - PHYSICAL DESCRIPTION
Extent ii,184पृ
Dimensions 22 सेमी (सजिल्द)
700 ## - ADDED ENTRY--PERSONAL NAME
Personal name गुप्ता , जैनेन्द्र कुमार
942 ## - ADDED ENTRY ELEMENTS (KOHA)
Institution code [OBSOLETE] dpl
Koha item type Hindi Books
Call number prefix 910.01 / माथुर
Source of classification or shelving scheme Dewey Decimal Classification
Classification part 910.01
Call number suffix माथुर
Holdings
Withdrawn status Lost status Damaged status Not for loan Collection code Home library Current library Date acquired Cost, normal purchase price Total Checkouts Full call number Barcode Date last seen Copy number Uniform Resource Identifier Cost, replacement price Price effective from Koha item type
      Not For Loan Non-fiction D.B.Act.Division D.B.Act.Division 08/09/2008 400.00   910.01 माथुर HN-51522 15/09/2008 1 1391 400.00 15/09/2008 Hindi Books

© Delhi Public Library
Hit Counter
free hit counter